Countries With The Most Positive Opinion On Argentina - Statistics

General Stats
  • This quiz has been taken 50 times
  • The average score is 24 of 30
Answer Stats
% Country % Correct
61 United States
100%
77 Brazil
98%
88 Uruguay
98%
65 Chile
95%
62 Spain
90%
51 Venezuela
90%
71 Bolivia
88%
75 Colombia
88%
51 France
88%
54 Mexico
88%
74 Peru
88%
70 Canada
86%
54 China
86%
57 Ecuador
86%
70 Germany
86%
52 Japan
86%
92 Paraguay
86%
64 Portugal
86%
68 Australia
83%
81 Italy
83%
72 Ireland
76%
60 Russia
71%
79 India
67%
64 South Korea
67%
61 Poland
64%
55 Netherlands
60%
53 South Africa
60%
56 Greece
55%
59 Israel
50%
72 Philippines
40%
No matching quizzes found
Score Distribution
Percent of People with Each Score
Percentile by Number Answered
Your Score History
You have not taken this quiz